Studies on Genetic Variability, Manifestation of Heterosis and Combining Ability in Pea (Record no. 50282)

MARC details
000 -LEADER
fixed length control field 00569nam a22001937a 4500
003 - CONTROL NUMBER IDENTIFIER
control field OSt
008 - FIXED-LENGTH DATA ELEMENTS--GENERAL INFORMATION
fixed length control field 260429b |||||||| |||| 00| 0 eng d
082 ## - DEWEY DECIMAL CLASSIFICATION NUMBER
Classification number 635.656
Item number S48S
100 ## - MAIN ENTRY--PERSONAL NAME
Personal name Singh, Rabindra Nath.
245 ## - TITLE STATEMENT
Title Studies on Genetic Variability, Manifestation of Heterosis and Combining Ability in Pea
Statement of responsibility, etc. by Rabindra Nath Singh
260 ## - PUBLICATION, DISTRIBUTION, ETC. (IMPRINT)
Place of publication, distribution, etc .- Sabour, Bhagalpur
Name of publisher, distributor, etc : Bihar Agricultural College, RAU
Date of publication, distribution, etc , 1993
300 ## - PHYSICAL DESCRIPTION
Extent 139p.
502 ## - DISSERTATION NOTE
Degree type Ph. D.
Year degree granted 1993
650 ## - SUBJECT ADDED ENTRY--TOPICAL TERM
Topical term or geographic name as entry element Horticulture
650 ## - SUBJECT ADDED ENTRY--TOPICAL TERM
Topical term or geographic name as entry element Pea
650 ## - SUBJECT ADDED ENTRY--TOPICAL TERM
Topical term or geographic name as entry element Thesis
650 ## - SUBJECT ADDED ENTRY--TOPICAL TERM
Topical term or geographic name as entry element Ph. D.
942 ## - ADDED ENTRY ELEMENTS (KOHA)
Source of classification or shelving scheme
Koha item type Thesis
Holdings
Withdrawn status Lost status Source of classification or shelving scheme Damaged status Not for loan Home library Current library Date acquired Source of acquisition Cost, normal purchase price Total Checkouts Full call number Barcode Date last seen Bill Date Koha item type Bill Number
          Dr. Rajendra Prasad Central Agricultural University Pusa, Dr. Rajendra Prasad Central Agricultural University Pusa, 29/04/2026 by Author 0.00   635.656 S48S 44261 29/04/2026 29/04/2026 Thesis Gift
Hosted, Implemented, Customized & Maintained by: BestBookBuddies

Powered by Koha